| 000 | 00635nam a22001937a 4500 | ||
|---|---|---|---|
| 001 | 000018381 | ||
| 005 | 20200929165501.0 | ||
| 008 | 850716s1985 ve 000 j spa | ||
| 040 |
_aDO-SdBNP _cDLC _dDLC _dBNPHU |
||
| 082 |
_aVe863.44 _bC238y |
||
| 100 | 1 |
_aCappello Garcia-Tamayo, Malula. _939803 |
|
| 245 | 1 | 0 |
_aY es la vida sombra / _cMalula Cappello Garcia-Tamayo. |
| 260 |
_aSan Cristobal, Venezuela : _bCentro de Informacion Regional (UNET), _c1985. |
||
| 300 |
_a75 p. ; _c21 cm. |
||
| 650 | 4 |
_aCuentos venezolanos _93815 |
|
| 650 | 4 |
_aLiteratura venezolana _93816 |
|
| 910 | _aCatalogación por derivada / LC | ||
| 049 | _aBNGR | ||
| 999 |
_c17902 _d17902 |
||